000 01136cam a2200241 4500
001 L129940
008 050607n2003 000 0 eng u
020 _a0112430791
035 _a(Sirsi) u129940
041 _aeng
050 _a630.0212
_c18
110 _aDEFRA
245 _aAgriculture in the United Kingdom 2003
260 _aLondon
_bStationary Officer
_c2003
350 _a21.00
520 _aPreviously known as the "Digest of agricultural census statistics", this publication brings together the main results of the annual agricultural and horticultural censuses held each June throughout the UK. Since the 1998 edition, the census statistics have been avaliable online.
690 _aENVIRONMENTAL AND LAND CONSULTANCY-AGRIBUSINESS-AGRICULTURE
710 _aScottish Executive Environment and Rural Affairs Department
_94114
710 _aDepartment of Agriculture and Rural Development (Northern Ireland)
_94062
710 _aWales
_bWelsh Assembly Government
856 _uhttps://www.defra.gov.uk/corporate/publications/pubcat/ag.htm#agstats
_zView the item free of charge at www.defra gov.uk...
942 _n0
999 _c104311
_d104311